[Event "ENCI Limburg-open A"]
[Site "Maastricht"]
[Date "2010.05.23"]
[Round "4"]
[White "Bok, Benjamin"]
[Black "Memeti, Kastriot"]
[Result "1-0"]
[WhiteElo "2430"]
[BlackElo "2202"]
[PlyCount "65"]
[EventDate "2010.05.21"]
[EventType "swiss"]
[EventRounds "7"]
[EventCountry "NED"]
[Source "P.Boonen"]
[SourceDate "2010.10.01"]

1. e4 d5 2. exd5 Qxd5 3. Nc3 Qa5 4. d4 Nf6 5. Nf3 c6 6. Bc4 Bf5 7. Bd2 e6 8.
Nd5 Qd8 9. Nxf6+ gxf6 10. O-O Nd7 11. Nh4 Bg6 12. c3 f5 13. g3 Nb6 14. Bb3 Bd6
15. Qf3 Qd7 16. Ng2 O-O-O 17. c4 Be7 18. Bc3 Bf6 19. Rfd1 Qe7 20. a4 Na8 21. d5
Bxc3 22. Qxc3 c5 23. d6 Qf8 24. Qe5 Bh5 25. Rd3 Rg8 26. Nf4 Qh6 27. a5 Kb8 28.
a6 Rd7 29. axb7 Nb6 30. Ba4 f6 31. Qxc5 Nxa4 32. Rxa4 Rxb7 33. Rb3 1-0

[Event "ENCI Limburg-open A"]
[Site "Maastricht"]
[Date "2010.05.23"]
[Round "4"]
[White "Bomans, Arno"]
[Black "Skutta, Bernd"]
[Result "1-0"]
[WhiteElo "2187"]
[BlackElo "2121"]
[PlyCount "47"]
[EventDate "2010.05.21"]
[EventType "swiss"]
[EventRounds "7"]
[EventCountry "NED"]
[Source "P.Boonen"]
[SourceDate "2010.10.01"]

1. d4 Nf6 2. c4 g6 3. Nc3 Bg7 4. e4 d6 5. Be2 O-O 6. Nf3 e5 7. O-O Nc6 8. d5
Ne7 9. Nd2 Nd7 10. b4 f5 11. c5 dxc5 12. bxc5 Nxc5 13. Ba3 Nxe4 14. Ndxe4 fxe4
15. Nxe4 Rf4 16. d6 cxd6 17. Bc4+ Kh8 18. Nxd6 Qa5 19. Nf7+ Rxf7 20. Bxf7 Nc6
21. Bb2 Nd4 22. Bxd4 exd4 23. Qb3 b6 24. Bd5 1-0

[Event "ENCI Limburg-open A"]
[Site "Maastricht"]
[Date "2010.05.23"]
[Round "4"]
[White "Brandenburg, Daan"]
[Black "Admiraal, Miguoel"]
[Result "1-0"]
[WhiteElo "2503"]
[BlackElo "2202"]
[PlyCount "75"]
[EventDate "2010.05.21"]
[EventType "swiss"]
[EventRounds "7"]
[EventCountry "NED"]
[Source "P.Boonen"]
[SourceDate "2010.10.01"]
[TimeControl "60+7"]
[WhiteClock "0:00:07"]
[BlackClock "0:00:00"]

1. e4 c5 2. c3 Nf6 3. e5 Nd5 4. Nf3 e6 5. Bc4 d6 6. d4 cxd4 7. cxd4 Nb6 8. Bd3
Nc6 9. O-O Nb4 10. Be2 dxe5 11. Nxe5 Bd7 12. Nc3 Bc6 13. a3 N4d5 14. Nxc6 bxc6
15. Ne4 Be7 16. Qc2 O-O 17. Qxc6 Rc8 18. Qb5 Nf6 19. Qd3 Rc7 20. Bf4 Rd7 21.
Be5 Nxe4 22. Qxe4 Rd5 23. Bf3 Bf6 24. Qc2 Rd7 25. Bc6 Bxe5 26. Bxd7 Bxd4 27.
Bb5 Nd5 28. Bd3 g6 29. Be4 Nf4 30. Rad1 e5 31. g3 Ne6 32. b4 Kg7 33. Qc4 h5 34.
Kg2 h4 35. f4 exf4 36. Bd5 h3+ 37. Kh1 fxg3 38. hxg3 1-0

[Event "ENCI Limburg-open A"]
[Site "Maastricht"]
[Date "2010.05.23"]
[Round "4"]
[White "Bus, Tom"]
[Black "Scholzen, Wolfgang"]
[Result "1/2-1/2"]
[WhiteElo "2185"]
[BlackElo "2059"]
[PlyCount "37"]
[EventDate "2010.05.21"]
[EventType "swiss"]
[EventRounds "7"]
[EventCountry "NED"]
[Source "P.Boonen"]
[SourceDate "2010.10.01"]

1. c4 Nf6 2. g3 e6 3. Bg2 d5 4. Nf3 c6 5. O-O Bd6 6. d4 O-O 7. Qc2 Nbd7 8. Nbd2
Qe7 9. e4 dxe4 10. Nxe4 Nxe4 11. Qxe4 e5 12. dxe5 Nxe5 13. Bd2 Nxf3+ 14. Qxf3
Be5 15. Bc3 Bxc3 16. Qxc3 Be6 17. Rfe1 Qc5 18. Rac1 Rad8 19. Re4 1/2-1/2

[Event "ENCI Limburg-open A"]
[Site "Maastricht"]
[Date "2010.05.23"]
[Round "4"]
[White "Dalemans, Diana"]
[Black "Schleipfenbauer, Frank"]
[Result "1/2-1/2"]
[WhiteElo "1906"]
[BlackElo "2110"]
[PlyCount "109"]
[EventDate "2010.05.21"]
[EventType "swiss"]
[EventRounds "7"]
[EventCountry "NED"]
[Source "P.Boonen"]
[SourceDate "2010.10.01"]

1. e4 c5 2. Nf3 d6 3. d4 cxd4 4. Nxd4 Nf6 5. Nc3 a6 6. Be2 e6 7. O-O Be7 8. a4
O-O 9. f4 Qc7 10. Be3 Nc6 11. Bf3 Bd7 12. Nb3 Nb4 13. a5 Bc6 14. g4 d5 15. e5
Ne4 16. Bb6 Qc8 17. Nd4 f6 18. f5 exf5 19. Nxf5 Qe6 20. Nxe7+ Qxe7 21. exf6
Rxf6 22. Ne2 Bb5 23. Qd4 Rxf3 24. Rxf3 Bxe2 25. Rb3 Bc4 26. Rxb4 Qxb4 27. b3
Nd2 28. Kh1 Nxb3 29. cxb3 Qxb3 30. Qe3 Qxe3 31. Bxe3 Re8 32. Re1 d4 33. Bd2
Rxe1+ 34. Bxe1 Bd5+ 35. Kg1 Bf3 36. g5 Kf7 37. Bf2 d3 38. Be1 Ke6 39. Kf2 Be4
40. Ke3 Kd5 41. Bf2 h6 42. gxh6 gxh6 43. Kd2 Kc4 44. Bb6 h5 45. h4 Bg2 46. Bd8
b5 47. axb6 Bb7 48. Be7 a5 49. Bf8 Ba6 50. Be7 a4 51. Bf8 Kb3 52. b7 Bxb7 53.
Kxd3 Kb2 54. Bg7+ Kb1 55. Bf8 1/2-1/2

[Event "ENCI Limburg-open A"]
[Site "Maastricht"]
[Date "2010.05.23"]
[Round "4"]
[White "Dambacher, Martijn"]
[Black "Sinz, Bernhard"]
[Result "1-0"]
[WhiteElo "2486"]
[BlackElo "2226"]
[PlyCount "103"]
[EventDate "2010.05.21"]
[EventType "swiss"]
[EventRounds "7"]
[EventCountry "NED"]
[Source "P.Boonen"]
[SourceDate "2010.10.01"]

1. d4 d5 2. c4 c6 3. e3 Nf6 4. Nf3 e6 5. Bd3 Nbd7 6. O-O Bd6 7. Nbd2 O-O 8. e4
e5 9. cxd5 cxd5 10. exd5 exd4 11. Ne4 Nxe4 12. Bxe4 Nf6 13. Qxd4 Nxe4 14. Qxe4
Re8 15. Qd4 Bf5 16. Bg5 Qa5 17. Rfe1 Rxe1+ 18. Rxe1 Qxa2 19. g4 Bd7 20. Be7 Bc7
21. Qd3 Qa6 22. Qxa6 bxa6 23. Rc1 Bb6 24. Ne5 Bb5 25. d6 f6 26. d7 fxe5 27.
Rc8+ Kf7 28. Bg5 Bxd7 29. Rxa8 Bxg4 30. Be3 Bf3 31. Rb8 Bc7 32. Rc8 Bd6 33.
Bxa7 Ke6 34. Bb8 Be7 35. Rg8 Bf6 36. Rc8 Kf5 37. Kf1 h5 38. Rc5 h4 39. Ra5 Bc6
40. Rc5 Bf3 41. Ra5 Bc6 42. f3 h3 43. Kf2 Bh4+ 44. Ke3 Bg5+ 45. Kf2 Bh4+ 46.
Kg1 Bb5 47. Ra3 Bg5 48. Ba7 Bc1 49. Rb3 Ba4 50. Rb7 g5 51. b3 Bc6 52. Rc7 1-0

[Event "ENCI Limburg-open A"]
[Site "Maastricht"]
[Date "2010.05.23"]
[Round "4"]
[White "Driessens, Patrick"]
[Black "Beeke, Bobby"]
[Result "1/2-1/2"]
[WhiteElo "2357"]
[BlackElo "2210"]
[PlyCount "80"]
[EventDate "2010.05.21"]
[EventType "swiss"]
[EventRounds "7"]
[EventCountry "NED"]
[Source "P.Boonen"]
[SourceDate "2010.10.01"]

1. d4 d5 2. c4 c6 3. Nc3 Nf6 4. e3 e6 5. Bd3 dxc4 6. Bxc4 b5 7. Bd3 Nbd7 8. Nf3
Bd6 9. Qc2 Bb7 10. e4 e5 11. Bg5 O-O 12. dxe5 Nxe5 13. Nxe5 Bxe5 14. f4 Bxc3+
15. bxc3 Re8 16. O-O Qb6+ 17. Kh1 Ng4 18. Qe2 f5 19. Rae1 fxe4 20. Bxe4 c5 21.
Bxh7+ Kxh7 22. Qxg4 Qc6 23. h3 Kg8 24. f5 Rxe1 25. Rxe1 Re8 26. Rxe8+ Qxe8 27.
Qg3 Bd5 28. a3 Kf7 29. Be3 Qc6 30. Kh2 a5 31. Qe5 Bxg2 32. Bxc5 Bf1 33. Qe7+
Kg8 34. Qe6+ Qxe6 35. fxe6 Bc4 36. e7 Kf7 37. Kg3 g5 38. Kg4 Be6+ 39. Kxg5 Bxh3
40. Kf4 a4 1/2-1/2

[Event "ENCI Limburg-open A"]
[Site "Maastricht"]
[Date "2010.05.23"]
[Round "4"]
[White "Ducarmon, Quinten"]
[Black "Berg, Emanuel"]
[Result "0-1"]
[WhiteElo "2203"]
[BlackElo "2616"]
[PlyCount "62"]
[EventDate "2010.05.21"]
[EventType "swiss"]
[EventRounds "7"]
[EventCountry "NED"]
[Source "P.Boonen"]
[SourceDate "2010.10.01"]
[TimeControl "60+4"]
[WhiteClock "0:00:03"]
[BlackClock "0:00:12"]

1. e4 c5 2. Nf3 e6 3. d4 cxd4 4. Nxd4 a6 5. Nc3 Qc7 6. Bd3 Nf6 7. O-O d6 8. Qe2
Nbd7 9. Bd2 g6 10. a4 b6 11. Bc4 Ne5 12. Bb3 Bg7 13. Kh1 O-O 14. f4 Nc6 15.
Nxc6 Qxc6 16. f5 exf5 17. Bg5 Ra7 18. exf5 Bxf5 19. Rxf5 gxf5 20. Bxf6 Bxf6 21.
Nd5 Bxb2 22. Rf1 Be5 23. Rxf5 Kh8 24. c4 f6 25. g3 Qc5 26. Bc2 b5 27. Qf3 Qxc4
28. Be4 bxa4 29. Rh5 a3 30. Qf5 Qxe4+ 31. Qxe4 a2 0-1

[Event "ENCI Limburg-open A"]
[Site "Maastricht"]
[Date "2010.05.23"]
[Round "4"]
[White "Edeling, Jeroen"]
[Black "Laurent, Bruno"]
[Result "0-1"]
[WhiteElo "2114"]
[BlackElo "2330"]
[PlyCount "86"]
[EventDate "2010.05.21"]
[EventType "swiss"]
[EventRounds "7"]
[EventCountry "NED"]
[Source "P.Boonen"]
[SourceDate "2010.10.01"]

1. e4 e6 2. d3 d5 3. Nd2 Nf6 4. Ngf3 b6 5. g3 dxe4 6. dxe4 Bb7 7. Bb5+ Nbd7 8.
Ne5 a6 9. Nxd7 Nxd7 10. Be2 Bc5 11. O-O h5 12. Bf3 h4 13. Nb3 hxg3 14. hxg3 Qf6
15. Nxc5 Nxc5 16. Qe2 Qg6 17. Re1 O-O-O 18. b4 Nxe4 19. Bf4 Ng5 20. Bxb7+ Kxb7
21. Bxg5 Qxg5 22. Rad1 Rd5 23. c4 Qh6 24. Qf3 Qh2+ 25. Kf1 Qh1+ 26. Ke2 Qxf3+
27. Kxf3 Rd6 28. Rxd6 cxd6 29. Re4 Kc6 30. Rg4 g6 31. Rf4 f5 32. Rd4 Rh1 33.
Rd2 Rb1 34. b5+ axb5 35. cxb5+ Rxb5 36. Kf4 Rb4+ 37. Kg5 d5 38. Kxg6 d4 39. Kg5
Kd5 40. Kf4 Kc4 41. Re2 d3 42. Rxe6 d2 43. Rd6 Kc5+ 0-1

[Event "ENCI Limburg-open A"]
[Site "Maastricht"]
[Date "2010.05.23"]
[Round "4"]
[White "Favier, Alain"]
[Black "Van Gool, Henk"]
[Result "1/2-1/2"]
[WhiteElo "2097"]
[BlackElo "2161"]
[PlyCount "60"]
[EventDate "2010.05.21"]
[EventType "swiss"]
[EventRounds "7"]
[EventCountry "NED"]
[Source "P.Boonen"]
[SourceDate "2010.10.01"]

1. d4 Nf6 2. c4 e6 3. Nc3 d5 4. Nf3 Nbd7 5. e3 Be7 6. Bd3 O-O 7. O-O b6 8. cxd5
exd5 9. Qc2 Bb7 10. Rd1 c5 11. dxc5 bxc5 12. b3 Rc8 13. Bf5 Qc7 14. Bb2 Rfd8
15. Rac1 Qb8 16. Ba1 Qa8 17. Qe2 Bf8 18. Bb2 Re8 19. Qd3 d4 20. exd4 cxd4 21.
Nxd4 Bxg2 22. Qg3 Bb7 23. Bxd7 Nxd7 24. Nf5 Ne5 25. Nd5 Rxc1 26. Rxc1 Nf3+ 27.
Qxf3 Bxd5 28. Nh6+ Kh8 29. Nxf7+ Kg8 30. Nh6+ Kh8 1/2-1/2

[Event "ENCI Limburg-open A"]
[Site "Maastricht"]
[Date "2010.05.23"]
[Round "4"]
[White "Grecuccio, Nicola"]
[Black "Von Meijenfeldt, Bart"]
[Result "0-1"]
[WhiteElo "2196"]
[BlackElo "2044"]
[PlyCount "130"]
[EventDate "2010.05.21"]
[EventType "swiss"]
[EventRounds "7"]
[EventCountry "NED"]
[Source "P.Boonen"]
[SourceDate "2010.10.01"]

1. e4 c5 2. Nf3 d6 3. d4 cxd4 4. Nxd4 Nf6 5. Nc3 a6 6. Be2 e5 7. Nb3 Be7 8. Be3
O-O 9. g4 Be6 10. g5 Nfd7 11. Nd5 Nc6 12. Qd2 Rc8 13. c3 f6 14. Bc4 fxg5 15.
O-O-O Nf6 16. Nxf6+ Rxf6 17. Bxe6+ Rxe6 18. Qd5 Kf7 19. Rhg1 Nb4 20. Qxb7 Rb8
21. Qa7 Ra8 22. Qb7 Rb8 23. Qa7 Qc8 24. Na5 Nxa2+ 25. Kc2 Qe8 26. Nc6 Rc8 27.
Qxa6 Qxc6 28. Qxc6 Rxc6 29. Kb3 Nxc3 30. bxc3 Rh6 31. Rg2 Rh4 32. f3 Rh3 33.
Rf1 h6 34. Ra2 Ke6 35. Rg2 Bd8 36. Rff2 Ra6 37. Kb4 Ra1 38. Kb5 Re1 39. Ba7
Rb1+ 40. Kc4 Ra1 41. Be3 Kd7 42. Kd5 Ra3 43. Kc4 Ba5 44. Bd2 Bb6 45. Rf1 Ra2
46. Kb3 Ra8 47. Kb2 Rf8 48. Kc2 g6 49. Be1 Rhxf3 50. Rxf3 Rxf3 51. h4 Rf1 52.
Bd2 Rg1 53. Rxg1 Bxg1 54. hxg5 h5 55. Kd1 Bh2 56. Be1 Bf4 57. Bh4 Kc6 58. Kc2
Kc5 59. Kb3 Be3 60. Ka4 Kc4 61. Ka5 Kd3 62. Kb5 Kxe4 63. Kc6 Bc5 64. c4 Kf5 65.
Bg3 Ba3 0-1

[Event "ENCI Limburg-open A"]
[Site "Maastricht"]
[Date "2010.05.23"]
[Round "4"]
[White "Groffen, Hans"]
[Black "Meyer, Henri"]
[Result "1-0"]
[WhiteElo "2149"]
[BlackElo "1978"]
[PlyCount "53"]
[EventDate "2010.05.21"]
[EventType "swiss"]
[EventRounds "7"]
[EventCountry "NED"]
[Source "P.Boonen"]
[SourceDate "2010.10.01"]

1. d4 d6 2. Nf3 Bg4 3. c4 Nd7 4. Nc3 e5 5. d5 Be7 6. e4 c6 7. h3 Bh5 8. Be2
Ngf6 9. Be3 O-O 10. Nd2 Bg6 11. g4 Ne8 12. Nf3 Rc8 13. Bd3 Nef6 14. Bc2 cxd5
15. cxd5 Nc5 16. Nd2 Nfd7 17. Rc1 Bh4 18. Qe2 a6 19. b4 Qb6 20. Rb1 Na4 21.
Bxa4 Qd8 22. Bxd7 Rxc3 23. Ba4 Rxe3 24. Qxe3 Bg5 25. Qe2 Bxd2+ 26. Kxd2 Qb6 27.
Qe3 1-0

[Event "ENCI Limburg-open A"]
[Site "Maastricht"]
[Date "2010.05.23"]
[Round "4"]
[White "Haast, Anne"]
[Black "Michiels, Bart"]
[Result "0-1"]
[WhiteElo "2220"]
[BlackElo "2459"]
[PlyCount "88"]
[EventDate "2010.05.21"]
[EventType "swiss"]
[EventRounds "7"]
[EventCountry "NED"]
[Source "P.Boonen"]
[SourceDate "2010.10.01"]

1. e4 c5 2. Nf3 Nc6 3. d4 cxd4 4. Nxd4 Qc7 5. Nc3 e6 6. Be3 a6 7. Qd2 Nf6 8.
O-O-O Be7 9. f3 b5 10. g4 d6 11. g5 Nd7 12. f4 Nc5 13. Nxc6 Qxc6 14. Bg2 Bb7
15. Qd4 O-O 16. Rhg1 Rfc8 17. f5 Na4 18. fxe6 Nxc3 19. exf7+ Kxf7 20. bxc3 Qxc3
21. Qxc3 Rxc3 22. Bf4 Rac8 23. Rd2 R8c4 24. Re1 Ra4 25. Kb2 Rca3 26. Ra1 d5 27.
exd5 Bb4 28. Rf2 Bc3+ 29. Kb1 Kg6 30. Bd6 b4 31. Be4+ Kh5 32. Bf3+ Kg6 33. Be4+
Kh5 34. Bf3+ Kxg5 35. Be7+ Kh6 36. d6 Bc8 37. Bb7 Be6 38. h4 g6 39. Bg5+ Kg7
40. Bd5 Bxd5 41. d7 Rxa2 42. Rxa2 Bxa2+ 43. Kc1 Be6 44. d8=Q Ra1# 0-1

[Event "ENCI Limburg-open A"]
[Site "Maastricht"]
[Date "2010.05.23"]
[Round "4"]
[White "Hetey, Laszlo"]
[Black "Henzen, Arno"]
[Result "1/2-1/2"]
[WhiteElo "2351"]
[BlackElo "2186"]
[PlyCount "42"]
[EventDate "2010.05.21"]
[EventType "swiss"]
[EventRounds "7"]
[EventCountry "NED"]
[Source "P.Boonen"]
[SourceDate "2010.10.01"]

1. d4 d5 2. Nf3 Nf6 3. c4 e6 4. Nc3 Be7 5. Bf4 O-O 6. e3 a6 7. a3 Nbd7 8. h3
dxc4 9. Bxc4 c5 10. dxc5 Bxc5 11. Bd3 Be7 12. O-O b5 13. Rc1 Bb7 14. Ne5 Nc5
15. Bc2 Qxd1 16. Rfxd1 Rfd8 17. f3 Rxd1+ 18. Rxd1 Rd8 19. Rxd8+ Bxd8 20. b4
Ncd7 21. Kf2 h6 1/2-1/2

[Event "ENCI Limburg-open A"]
[Site "Maastricht"]
[Date "2010.05.23"]
[Round "4"]
[White "Hoffmeister, Frank1"]
[Black "Schut, Lisa"]
[Result "1-0"]
[WhiteElo "2173"]
[BlackElo "2267"]
[PlyCount "73"]
[EventDate "2010.05.21"]
[EventType "swiss"]
[EventRounds "7"]
[EventCountry "NED"]
[Source "P.Boonen"]
[SourceDate "2010.10.01"]

1. d4 Nf6 2. c4 g6 3. Nf3 Bg7 4. Nc3 d5 5. Bf4 c5 6. e3 O-O 7. dxc5 Qa5 8. Rc1
dxc4 9. Bxc4 Qxc5 10. Bb3 Qa5 11. O-O Nc6 12. h3 Bf5 13. Qe2 Ne4 14. Nd5 e5 15.
Bh2 Nc5 16. Bc4 Be6 17. Ng5 Bxd5 18. Bxd5 Rad8 19. Bxf7+ Kh8 20. Bc4 Rd2 21.
Qg4 Nd3 22. Bxd3 Rxd3 23. Qc4 Rd7 24. Rcd1 Qd8 25. Ne6 Rxd1 26. Nxd8 Rfxd8 27.
g4 R1d2 28. b4 a6 29. a4 Ne7 30. Qe6 Nc6 31. b5 R2d6 32. Qc4 Ne7 33. Rb1 Nd5
34. bxa6 bxa6 35. Rb7 Rf8 36. Rxg7 Nxe3 37. Rg8+ 1-0

[Event "ENCI Limburg-open A"]
[Site "Maastricht"]
[Date "2010.05.23"]
[Round "4"]
[White "Holm, Sejer"]
[Black "Van Laatum, Maarten"]
[Result "1/2-1/2"]
[WhiteElo "2253"]
[BlackElo "2042"]
[PlyCount "89"]
[EventDate "2010.05.21"]
[EventType "swiss"]
[EventRounds "7"]
[EventCountry "NED"]
[Source "P.Boonen"]
[SourceDate "2010.10.01"]

1. d4 Nf6 2. Nf3 d5 3. c4 c6 4. Nc3 e6 5. e3 Be7 6. Bd3 dxc4 7. Bxc4 b5 8. Bd3
a6 9. O-O Bb7 10. e4 c5 11. e5 Nd5 12. dxc5 Nxc3 13. bxc3 Nd7 14. Qe2 Nxc5 15.
Bc2 Qc7 16. Nd4 Bd5 17. Rd1 Qb7 18. f3 O-O 19. Bf4 Rac8 20. Bg3 Rfd8 21. h4 Qc7
22. f4 Nd7 23. Be1 Bc5 24. a3 Nf8 25. h5 Bb7 26. Bb3 Bd5 27. Bc2 Bb7 28. Bb1
Bb6 29. Kh1 Qc4 30. Qf2 Qd5 31. Ba2 Qe4 32. Bb1 Qd5 33. Ra2 Rc4 34. Qg3 Bxd4
35. cxd4 Rxd4 36. Rxd4 Qxd4 37. Rd2 Qb6 38. h6 Ng6 39. Rxd8+ Qxd8 40. hxg7 Kxg7
41. Bxg6 hxg6 42. Bb4 Qd1+ 43. Kh2 Qh5+ 44. Kg1 Qd1+ 45. Kh2 1/2-1/2

[Event "ENCI Limburg-open A"]
[Site "Maastricht"]
[Date "2010.05.23"]
[Round "4"]
[White "Hoornstra, Hans"]
[Black "Beijerinck, Nick"]
[Result "1-0"]
[WhiteElo "1978"]
[BlackElo "2079"]
[PlyCount "57"]
[EventDate "2010.05.21"]
[EventType "swiss"]
[EventRounds "7"]
[EventCountry "NED"]
[Source "P.Boonen"]
[SourceDate "2010.10.01"]

1. d4 Nf6 2. c4 g6 3. Nc3 Bg7 4. e4 d6 5. f4 O-O 6. Nf3 c5 7. d5 e6 8. dxe6
Bxe6 9. Bd3 Nc6 10. f5 Bd7 11. O-O Ng4 12. Nd5 Nb4 13. Bg5 f6 14. Bf4 Nxd5 15.
exd5 Bxf5 16. Bxf5 gxf5 17. Nh4 Qd7 18. Qc2 Ne5 19. Nxf5 b5 20. b3 Rab8 21.
cxb5 Rxb5 22. Rae1 Rf7 23. Re3 Kf8 24. Rg3 Ke8 25. Qe2 Bf8 26. Rg8 Rb4 27. Bd2
Rb7 28. Ba5 Rb5 29. Qxb5 1-0

[Event "ENCI Limburg-open A"]
[Site "Maastricht"]
[Date "2010.05.23"]
[Round "4"]
[White "Hortensius, Lisa"]
[Black "Ten Hagen, Yorick"]
[Result "1/2-1/2"]
[WhiteElo "2063"]
[BlackElo "2215"]
[PlyCount "82"]
[EventDate "2010.05.21"]
[EventType "swiss"]
[EventRounds "7"]
[EventCountry "NED"]
[Source "P.Boonen"]
[SourceDate "2010.10.01"]

1. e4 c5 2. Nf3 Nc6 3. d4 cxd4 4. Nxd4 e5 5. Nb5 d6 6. N1c3 a6 7. Na3 b5 8. Nd5
Nge7 9. c4 Nxd5 10. exd5 Nd4 11. cxb5 Bd7 12. bxa6 Qa5+ 13. Bd2 Qxd5 14. Be3
Be7 15. Nc2 Bf6 16. Nxd4 exd4 17. Be2 Qe5 18. Bc1 Bb5 19. Kf1 O-O 20. a4 Bxe2+
21. Qxe2 Qf5 22. h4 d3 23. Qf3 Qxf3 24. gxf3 Rxa6 25. Kg2 d2 26. Bxd2 Bxb2 27.
Rab1 Bf6 28. a5 Rfa8 29. Rb6 Bd8 30. Rxa6 Rxa6 31. Rb1 Kf8 32. Rb8 Ke7 33. Bg5+
f6 34. Rb7+ Kf8 35. Rb8 fxg5 36. Rxd8+ Ke7 37. Rg8 Kf7 38. Rh8 Kg6 39. hxg5
Rxa5 40. f4 Rf5 41. Kg3 h6 1/2-1/2

[Event "ENCI Limburg-open A"]
[Site "Maastricht"]
[Date "2010.05.23"]
[Round "4"]
[White "Hovhanisian, Mher"]
[Black "Maciol, Ryszard"]
[Result "1-0"]
[WhiteElo "2482"]
[BlackElo "2222"]
[PlyCount "81"]
[EventDate "2010.05.21"]
[EventType "swiss"]
[EventRounds "7"]
[EventCountry "NED"]
[Source "P.Boonen"]
[SourceDate "2010.10.01"]

1. e4 e6 2. d4 d5 3. e5 c5 4. c3 Qb6 5. Nf3 Nc6 6. Be2 cxd4 7. cxd4 Nh6 8. Nc3
Nf5 9. Na4 Qa5+ 10. Bd2 Bb4 11. Bc3 Bd7 12. a3 Bxc3+ 13. Nxc3 Rc8 14. O-O Qd8
15. Rc1 f6 16. Bd3 g6 17. Bxf5 gxf5 18. Re1 O-O 19. exf6 Qxf6 20. Ne5 Nxe5 21.
Rxe5 Rc4 22. b3 Rc6 23. Ne2 Rxc1 24. Qxc1 f4 25. f3 Bb5 26. Nc3 Bd3 27. Qd2 Bg6
28. Ne2 b6 29. Qc3 Re8 30. Qc1 Rf8 31. Qc6 Re8 32. Nc3 Qf7 33. h4 Re7 34. Qd6
Rc7 35. Ne2 Bf5 36. Qd8+ Kg7 37. Nxf4 Rc1+ 38. Kh2 h6 39. Qd6 Kh7 40. Nxe6 Bxe6
41. Rxe6 1-0

[Event "ENCI Limburg-open A"]
[Site "Maastricht"]
[Date "2010.05.23"]
[Round "4"]
[White "Iosif Hoellenriegel, Daniela"]
[Black "Luncescu, Christian"]
[Result "0-1"]
[WhiteElo "1996"]
[BlackElo "2131"]
[PlyCount "156"]
[EventDate "2010.05.21"]
[EventType "swiss"]
[EventRounds "7"]
[EventCountry "NED"]
[Source "P.Boonen"]
[SourceDate "2010.10.01"]

1. d4 Nf6 2. c3 d5 3. g3 g6 4. Bg2 Bg7 5. Nf3 b6 6. O-O O-O 7. Bg5 Ne4 8. Qb3
Nxg5 9. Nxg5 e6 10. f4 Bb7 11. Nd2 Nd7 12. Rae1 c5 13. e3 Qc7 14. Qd1 b5 15.
dxc5 Nxc5 16. Qe2 Qb6 17. Nb3 Nxb3 18. axb3 a5 19. Rc1 a4 20. b4 a3 21. Kf2
axb2 22. Qxb2 Ra4 23. Nf3 Rfa8 24. Ra1 Qa7 25. Rxa4 bxa4 26. Ra1 a3 27. Qb3 a2
28. Nd4 Qa3 29. Qxa3 Rxa3 30. Nb5 Ra4 31. Bf1 Ba6 32. Nd4 Bxf1 33. Kxf1 Ra3 34.
b5 Rxc3 35. Rxa2 Bxd4 36. exd4 Rb3 37. Ra8+ Kg7 38. Rb8 Rb4 39. b6 Rxd4 40. b7
Rb4 41. Ke2 Kf6 42. g4 Ke7 43. Ke3 Kd7 44. h4 Kc6 45. Rc8+ Kxb7 46. Rf8 Kc6 47.
Rxf7 Rb7 48. Rf6 Kd6 49. f5 gxf5 50. gxf5 Ke5 51. Rxe6+ Kxf5 52. Rh6 Kg4 53.
Rd6 Re7+ 54. Kd4 Kxh4 55. Kxd5 Kg5 56. Rd8 h5 57. Rg8+ Kf4 58. Rh8 Kg4 59. Rg8+
Kh3 60. Kd4 h4 61. Kd3 Kh2 62. Kd2 h3 63. Rg6 Kh1 64. Rg3 Kh2 65. Rg6 Re4 66.
Rg7 Kh1 67. Rg3 Kh2 68. Rg6 Rf4 69. Ke2 Ra4 70. Kf2 Ra2+ 71. Kf1 Ra3 72. Kf2
Ra2+ 73. Kf1 Rg2 74. Ra6 Rg4 75. Ra2+ Kh1 76. Rf2 Rg1+ 77. Ke2 h2 78. Rf1 Kg2
0-1

[Event "ENCI Limburg-open A"]
[Site "Maastricht"]
[Date "2010.05.23"]
[Round "4"]
[White "Kirkebo, Carl Peter"]
[Black "Seirafi, Mehrdad"]
[Result "1-0"]
[WhiteElo "2159"]
[BlackElo "2032"]
[PlyCount "51"]
[EventDate "2010.05.21"]
[EventType "swiss"]
[EventRounds "7"]
[EventCountry "NED"]
[Source "P.Boonen"]
[SourceDate "2010.10.01"]

1. e4 d5 2. exd5 Nf6 3. d4 Bg4 4. f3 Bf5 5. Bd3 Bxd3 6. Qxd3 Qxd5 7. c4 Qd7 8.
Ne2 e6 9. O-O c5 10. Rd1 Nc6 11. d5 O-O-O 12. Bg5 exd5 13. Bxf6 gxf6 14. cxd5
Ne5 15. Qe3 Rg8 16. b4 Kb8 17. bxc5 Rc8 18. c6 bxc6 19. Nbc3 cxd5 20. Rxd5 Rxc3
21. Rb1+ Ka8 22. Qxc3 Bd6 23. f4 Qg4 24. Ng3 Qe6 25. Rxe5 Bxe5 26. Qf3+ 1-0

[Event "ENCI Limburg-open A"]
[Site "Maastricht"]
[Date "2010.05.23"]
[Round "4"]
[White "Kuryliw, Ray"]
[Black "Heltzel, Joost"]
[Result "1/2-1/2"]
[WhiteElo "2103"]
[BlackElo "2265"]
[PlyCount "94"]
[EventDate "2010.05.21"]
[EventType "swiss"]
[EventRounds "7"]
[EventCountry "NED"]
[Source "P.Boonen"]
[SourceDate "2010.10.01"]

1. e4 c5 2. Nc3 a6 3. g3 b5 4. a4 b4 5. Nd5 e6 6. Ne3 Bb7 7. Bg2 Nf6 8. d3 d5
9. e5 Nfd7 10. f4 Nc6 11. Nf3 g6 12. b3 a5 13. Bb2 Nb6 14. O-O Qc7 15. Kh1
O-O-O 16. Qe2 Kb8 17. Rad1 Rc8 18. Rfe1 h5 19. h3 Bh6 20. h4 Ne7 21. Kg1 d4 22.
Nf1 Nbd5 23. N3d2 Nf5 24. Bxd5 exd5 25. Nf3 Rce8 26. Qf2 Bc8 27. Bc1 Be6 28.
Re2 Re7 29. Rde1 Rhe8 30. Ng5 Bxg5 31. fxg5 Qa7 32. Nh2 Rc7 33. Bf4 Rc6 34. Nf3
Rec8 35. Rd1 Ka8 36. Rb1 Ng7 37. Qg2 Qd7 38. Kh2 Ka7 39. Qf2 Ka6 40. Rd2 Bf5
41. e6 Rxe6 42. Ne5 Qe8 43. Re2 Bg4 44. Ree1 Bf5 45. Nf3 Rxe1 46. Rxe1 Be6 47.
Ne5 Ra8 1/2-1/2

[Event "ENCI Limburg-open A"]
[Site "Maastricht"]
[Date "2010.05.23"]
[Round "4"]
[White "Laarhoven, Thijs"]
[Black "Shchekachev, Andrei"]
[Result "0-1"]
[WhiteElo "2226"]
[BlackElo "2549"]
[PlyCount "106"]
[EventDate "2010.05.21"]
[EventType "swiss"]
[EventRounds "7"]
[EventCountry "NED"]
[Source "P.Boonen"]
[SourceDate "2010.10.01"]

1. f4 Nf6 2. Nf3 g6 3. b3 Bg7 4. Bb2 O-O 5. g3 b5 6. Bg2 Bb7 7. O-O c5 8. e3 d6
9. Qe2 a6 10. d3 Nc6 11. Nbd2 Qb6 12. c4 Rad8 13. Kh1 Bc8 14. d4 cxd4 15. Nxd4
Bb7 16. cxb5 Nxd4 17. Bxd4 Bxg2+ 18. Kxg2 Qb7+ 19. Kg1 axb5 20. a4 Nd5 21. Bxg7
Kxg7 22. Qd3 Kg8 23. Rfc1 Ra8 24. Qd4 Ra5 25. axb5 Rxa1 26. Rxa1 Qxb5 27. e4
Nb4 28. Qc4 Qb6+ 29. Kg2 Qb7 30. Ra4 Rb8 31. Qd4 Na6 32. Qd5 Qxd5 33. exd5 Nc5
34. Ra3 Rb4 35. Nc4 Nxb3 36. Ne3 Rb7 37. Kf3 Nd2+ 38. Ke2 Ne4 39. Kf3 Nf6 40.
Ra2 Rb3 41. Ke2 Rb7 42. Rd2 Kg7 43. Kf3 Rb3 44. Ke2 Ne4 45. Rc2 f5 46. Kf3 h5
47. Ke2 Kf7 48. Kf3 Rd3 49. Ke2 Rd4 50. Ke1 h4 51. Rg2 Nf6 52. Rd2 Rxd2 53.
Kxd2 hxg3 0-1

[Event "ENCI Limburg-open A"]
[Site "Maastricht"]
[Date "2010.05.23"]
[Round "4"]
[White "Larmuseau, Maarten"]
[Black "Roos, Adrian"]
[Result "1-0"]
[WhiteElo "2267"]
[BlackElo "2098"]
[PlyCount "43"]
[EventDate "2010.05.21"]
[EventType "swiss"]
[EventRounds "7"]
[EventCountry "NED"]
[Source "P.Boonen"]
[SourceDate "2010.10.01"]

1. e4 c5 2. Nf3 e6 3. b3 a6 4. Bb2 d5 5. exd5 exd5 6. d4 Nf6 7. Bd3 Be7 8. dxc5
Bxc5 9. Qe2+ Be6 10. Ng5 Qe7 11. O-O Nbd7 12. Nd2 O-O 13. Nxe6 fxe6 14. c4 Qf7
15. Nf3 h6 16. Rae1 Rae8 17. Qc2 Rc8 18. Bg6 Qe7 19. Bf5 Rc6 20. Nh4 Re8 21.
cxd5 Nxd5 22. Bh7+ 1-0